Euroopan historiallisia kaupunkeja #1 - Statistics

Yleistilastot
  • Tätä visaa on pelattu 378 kertaa
  • Keskiarvotulos 10 / 20
Vastaustilastot
Vihje Vastaus % Oikein
Julius Caesarin aikoinaan johtaman valtakunnan pääkaupunki Rooma
98%
Tunnetaan demokratian syntypaikkana Ateena
92%
Venäjän entinen pääkaupunki Nevajoen varrella Pietari
79%
Laguunissa sijaitseva Italian kaupunki, joka hallitsi Välimeren kauppaa keskiajalla Venetsia
73%
Bysantin valtakunnan pääkaupunki Konstantinopoli
67%
"Valssikuninkaana" tunnetun säveltäjä Johannes Strauss nuoremman kotikaupunki Wien
66%
Arkkiherttua Frans Ferdinand salamurhattiin tässä kaupungissa Sarajevo
61%
Napoleon kukistettiin lopullisesti tämän kaupungin mukaan nimetyssä taistelussa Waterloo
61%
Maailman teollistunein kaupunki 1800-luvun alkupuoliskolla Manchester
56%
Kukisti yllä olevan peloponnesolaissodassa Sparta
56%
Tähän Ruotsin kaupunkiin perustettiin Pohjoismaiden ensimmäinen yliopisto vuonna 1477 Uppsala
53%
Natsit eivät onnistuneet valtaamaan tätä kaupunkia vuosina 1942–43, mitä pidetään toisen maailmansodan käännekohtana Stalingrad
50%
Tunnetaan renessanssin syntypaikkana Firenze
49%
Titanic rakennettiin tässä kaupungissa Belfast
35%
Vuosina 1920–1939 tämä Itämeren satamakaupunki oli Kansainliiton valvonnassa ollut "vapaakaupunki" Danzig
34%
Kristoffer Kolumbus syntyi tässä yllä olevan kanssa kilpailleessa kaupungissa Genova
33%
Ranskan kaupunki, jossa paavit ja vastapaavit asuivat katolisen kirkon suuren skisman aikoihin Avignon
23%
Maailman korkein patsas sijaitsi tässä kaupungissa 54 vuoden ajan, ennen kuin se maanjäristys tuhosi sen noin vuonna 227 eaa. Rhodos
22%
Espanjan viimeisen muslimien hallitseman valtakunnan pääkaupunki vuoteen 1492 asti Granada
21%
Tässä kaupungissa tapahtuneet defenestraatiot johtivat 30-vuotiseen sotaan Praha
20%
Ehtoja vastaavia visoja ei löytynyt
Tulosjakauma
Jokaisen tuloksen saaneiden osuus
Persentiili vastausten määrän mukaan
Tuloshistoriasi
Et ole pelannut tätä visaa